[Event "CYP-chB op"]
[Site "Nicosia"]
[Date "2015.01.18"]
[Round "5"]
[White "Christofides, Nakis"]
[Black "Nabil, Michael"]
[Result "0-1"]
[WhiteElo "1855"]
[BlackElo "1719"]
[PlyCount "58"]
[EventDate "2015.01.09"]
[EventType "swiss"]
[EventRounds "9"]
[EventCountry "CYP"]
[SourceTitle "EXT 2016"]
[Source "ChessBase"]
[SourceDate "2015.10.08"]
[SourceVersion "1"]
[SourceVersionDate "2015.10.08"]
[SourceQuality "1"]

1. e4 c6 2. d4 d5 3. Nc3 dxe4 4. Nxe4 Bf5 5. Ng3 Bg6 6. Nf3 Nd7 7. h4 h6 8. h5 Bh7 9. Bd3 Bxd3 10. Qxd3 e6 11. Bd2 Ngf6 12. Qe2 Be7 13. 0-0-0 0-0 14. Ne5 Qc7 15. Ng6 Rfe8 16. Nxe7+ Rxe7 17. Rh4 Ree8 18. Ne4 e5 19. Nxf6+ Nxf6 20. Qf3 e4 21. Qf5 Qd7 22. Qf4 Rad8 23. c3 Qd6 24. Qf5 Qe6 25. Qf4 Qxa2 26. Qg3 Kh7 27. Bf4 Rd5 28. Be5 Rexe5 29. dxe5 Qa1+ 0-1

[Event "EU-ch U12 24th"]
[Site "Batumi"]
[Date "2014.10.23"]
[Round "5"]
[White "Mnatsakanian, Arsen"]
[Black "Nabil, Michael"]
[Result "1-0"]
[WhiteElo "1964"]
[BlackElo "1646"]
[PlyCount "38"]
[EventDate "2014.10.19"]
[EventType "swiss"]
[EventRounds "9"]
[EventCountry "GEO"]
[SourceTitle "EXT 2016"]
[Source "ChessBase"]
[SourceDate "2015.10.08"]
[SourceVersion "1"]
[SourceVersionDate "2015.10.08"]
[SourceQuality "1"]

1. e4 c5 2. g3 d6 3. Bg2 Nf6 4. Ne2 g6 5. c3 Bg7 6. d4 cxd4 7. cxd4 0-0 8. Nbc3 a6 9. 0-0 Bg4 10. f3 Bd7 11. Be3 Nc6 12. Qd2 Rc8 13. h3 b5 14. b3 b4 15. Na4 e6 16. f4 d5 17. e5 Ne8 18. Nc5 Nc7 19. Rfc1 a5 1-0

[Event "EU-ch U12 24th"]
[Site "Batumi"]
[Date "2014.10.20"]
[Round "2"]
[White "Martinovici, Ilie"]
[Black "Nabil, Michael"]
[Result "1-0"]
[WhiteElo "1953"]
[BlackElo "1646"]
[PlyCount "53"]
[EventDate "2014.10.19"]
[EventType "swiss"]
[EventRounds "9"]
[EventCountry "GEO"]
[SourceTitle "EXT 2016"]
[Source "ChessBase"]
[SourceDate "2015.10.08"]
[SourceVersion "1"]
[SourceVersionDate "2015.10.08"]
[SourceQuality "1"]

1. d4 Nf6 2. c4 e6 3. Nf3 Bb4+ 4. Nbd2 d5 5. Ne5 Nbd7 6. e3 0-0 7. a3 Bxd2+ 8. Bxd2 Nxe5 9. dxe5 Nd7 10. Bc3 dxc4 11. Bxc4 Nb6 12. Qxd8 Rxd8 13. Be2 Bd7 14. Bf3 Nd5 15. Bd4 b6 16. b3 Rac8 17. Rc1 c5 18. Bb2 b5 19. g3 Rc7 20. 0-0 Rdc8 21. Rfd1 Nb6 22. Rd2 Bc6 23. Rxc5 Nd7 24. Rxc6 Rxc6 25. Bxc6 Rxc6 26. Rxd7 g6 27. Rxa7 1-0

[Event "EU-ch U12 24th"]
[Site "Batumi"]
[Date "2014.10.19"]
[Round "1"]
[White "Schoppen, Casper"]
[Black "Nabil, Michael"]
[Result "1-0"]
[WhiteElo "1959"]
[BlackElo "1646"]
[PlyCount "97"]
[EventDate "2014.10.19"]
[EventType "swiss"]
[EventRounds "9"]
[EventCountry "GEO"]
[SourceTitle "EXT 2016"]
[Source "ChessBase"]
[SourceDate "2015.10.08"]
[SourceVersion "1"]
[SourceVersionDate "2015.10.08"]
[SourceQuality "1"]

1. d4 Nf6 2. c4 e6 3. Nf3 Bb4+ 4. Bd2 Bxd2+ 5. Qxd2 0-0 6. g3 d5 7. Bg2 c6 8. 0-0 Nbd7 9. Qc2 b6 10. Nbd2 Bb7 11. e4 Nxe4 12. Nxe4 dxe4 13. Qxe4 Nf6 14. Qe3 Rc8 15. Rad1 Qc7 16. b4 c5 17. dxc5 bxc5 18. b5 Rfd8 19. Ne5 Bxg2 20. Kxg2 Rd6 21. Nc6 Qd7 22. Qxc5 Rdxc6 23. bxc6 Qc7 24. Qd6 h6 25. Qxc7 Rxc7 26. Rd8+ Kh7 27. Rd6 Kg6 28. Rb1 Ne4 29. Rb7 Rc8 30. Rdd7 Rxc6 31. Rxf7 Rxc4 32. Rxg7+ Kf6 33. Rxa7 Rc2 34. Rgf7+ Ke5 35. a4 Ra2 36. a5 Nd6 37. Rf4 Nf5 38. a6 Nd6 39. Ra8 Nb5 40. Rh4 Nc7 41. Rc8 Nxa6 42. Ra8 Nb4 43. Rxa2 Nxa2 44. Rxh6 Nc3 45. h4 Nd5 46. Rh5+ Kf6 47. Rxd5 exd5 48. f4 Kf5 49. Kf3 1-0